2020年中国各类作物产量最高的省份 - Statistics

General Stats
  • This quiz has been taken 73 times
  • The average score is 9 of 15
Answer Stats
作物 产量最高省份 % Correct
稻谷 黑龙江
98%
小麦 河南
98%
玉米 黑龙江
84%
大豆 黑龙江
84%
棉花 新疆
80%
甘蔗 广西
70%
茶叶 云南
64%
烟叶 云南
64%
西瓜 河南
61%
花生 河南
52%
马铃薯 四川
43%
甜菜 内蒙古
39%
油菜籽 四川
36%
高粱 内蒙古
31%
谷子 内蒙古
30%
No matching quizzes found
Score Distribution
Percent of People with Each Score
Percentile by Number Answered
Your Score History
You have not taken this quiz